000 00569nam a22001931a 4500
001 6983
003 OSt
005 20260204212111.0
008 060926s2005||||ag ||||||b||||||||||spa||
020 _a9508083883
050 _a372.674 T735t
100 _aTillería Pérez, Daniel
245 _aTíteres y máscaras en la educación: una alternativa para la construcción del conocimiento / Daniel Tillería Pérez
264 _aArgentina : Homo Sapiens
300 _a180 p
500 _aIncluye bibliografía
650 _a1.Títeres - EducaciónÌ
942 _2ddc
_cBK
999 _c6983
_d6983